Statistics for Modern-Day Countries of the Republic of Genoa on a Map

Click here to take the quiz!

General Stats

  • This quiz has been taken 597 times
    (559 since last reset)
  • The average score is 7 of 7

Answers on the Map

Answers color-coded by a green-red scale on the quiz's map according to % correct below.
 

Answer Stats

Country% Correct
Italy
100%
France
99%
Greece
97%
Monaco
94%
Turkey
94%
Russia
91%
Tunisia
88%

Score Distribution

Percentile by Number Answered

Percent of People with Each Score

Your Score History

You have not taken this quiz since the last reset